Nejvýznamnější překážky uplatnění osob po výkonu tresu odnětí svobody na trhu práce

Trh práce verzus limitujúce faktory zamestnávania osôb po opustení výkonu trestu. Reintegrácia a opätovné začlenenie osôb s trestnou minulosťou do spoločnosti. Ekonomické a spoločenské nároky, ktoré sú spojené s vysokou mierou recidívy medzi osobami po výkone trestu v Českej republike.

Salvato in:
Dettagli Bibliografici
Autore principale: Bareš, Pavel
Altri autori: Mertl, Jiří
Natura: Capitolo di libro
Lingua:ceco
Soggetti:
Tags: Aggiungi Tag
Nessun Tag, puoi essere il primo ad aggiungerne!!

MARC

LEADER 00000naa a2200000 4500
001 0227499
005 20220805073838.4
041 0 |a cze 
044 |a CZ 
245 1 0 |a Nejvýznamnější překážky uplatnění osob po výkonu tresu odnětí svobody na trhu práce  |c Pavel Bareš, Jiří Mertl 
520 |a Trh práce verzus limitujúce faktory zamestnávania osôb po opustení výkonu trestu. Reintegrácia a opätovné začlenenie osôb s trestnou minulosťou do spoločnosti. Ekonomické a spoločenské nároky, ktoré sú spojené s vysokou mierou recidívy medzi osobami po výkone trestu v Českej republike. 
610 2 0 |a problémy spoločenské 
610 2 0 |a osoby fyzické 
610 2 0 |a zariadenia nápravno-výchovné 
610 2 0 |a začlenenie sociálne 
610 2 0 |a integrácia 
610 2 0 |a trh práce 
610 2 0 |a Česko 
100 1 |a Bareš, Pavel 
700 1 |a Mertl, Jiří